Vara v Bolton MBC (Record no. 30297)
[ view plain ]
| 000 -LEADER | |
|---|---|
| fixed length control field | 01589cab a2200217 4500 |
| 001 - CONTROL NUMBER | |
| control field | ABS44650 |
| 008 - FIXED-LENGTH DATA ELEMENTS--GENERAL INFORMATION | |
| fixed length control field | 090401t1991 xxu||||| |||| 00| 0 eng d |
| 035 ## - SYSTEM CONTROL NUMBER | |
| System control number | (Sirsi) u48225 |
| 041 ## - LANGUAGE CODE | |
| Language code of text/sound track or separate title | eng |
| 245 ## - TITLE STATEMENT | |
| Title | Vara v Bolton MBC |
| 260 ## - PUBLICATION, DISTRIBUTION, ETC. | |
| Date of publication, distribution, etc. | 1991 |
| 350 ## - PRICE (NR) (BK AM CF MU VM SE) [OBSOLETE] | |
| Price | 0 |
| 490 ## - SERIES STATEMENT | |
| Series statement | Rating & Valuation Reporter |
| Volume/sequential designation | (1991) 31 RVR 98-100(3) |
| 520 ## - SUMMARY, ETC. | |
| Summary, etc. | LT 25 March 1991. The issue before the LT was whether the claimant V was entitled to an owner-occupier supplement under Housing Act 1969 s68 with compensation of £6,000, on receipt of a compulsory purchase order . The qualifying period was two years previous to 15 July 1986. The premises had been included in a clearance area declared on that date and a cpo was made on 4 November 1987 and confirmed on 2 November 1988. The property was purchased in 1969 and occupied by V, his wife and son. In 1984 the son moved away. Due to ill health V`s wife also moved to the son`s house in 1985. V changed his address on his pension book to that of his son. During the period in question the premises remained fully furnished and the rates, gas and electricity were paid by V. V claimed he had slept at the premises 3-4 times a week as he knew about the cpo and wished to qualify for the supplement. There was no intention to sell the property and it was never put on the market. LT held in favour of V. |
| 650 ## - SUBJECT ADDED ENTRY--TOPICAL TERM | |
| Topical term or geographic name entry element | ENTITLEMENT |
| 650 ## - SUBJECT ADDED ENTRY--TOPICAL TERM | |
| Topical term or geographic name entry element | LANDS TRIBUNAL DECISION |
| 650 ## - SUBJECT ADDED ENTRY--TOPICAL TERM | |
| Topical term or geographic name entry element | UNFIT HOUSES |
| 690 ## - LOCAL SUBJECT ADDED ENTRY--TOPICAL TERM (OCLC, RLIN) | |
| Topical term or geographic name as entry element | ENVIRONMENTAL AND LAND CONSULTANCY-PLANNING AND DEVELOPMENT-COMPULSORY PURCHASE AND COMPENSATION |
| 942 ## - ADDED ENTRY ELEMENTS (KOHA) | |
| Suppress in OPAC | 0 |
| 948 ## - LOCAL PROCESSING INFORMATION (OCLC); SERIES PART DESIGNATOR (RLIN) | |
| c (OCLC) | 04/03/1997 |
| Withdrawn status | Lost status | Source of classification or shelving scheme | Damaged status | Not for loan | Home library | Current library | Shelving location | Date acquired | Total Checkouts | Full call number | Barcode | Date last seen | Copy number | Price effective from | Koha item type |
|---|---|---|---|---|---|---|---|---|---|---|---|---|---|---|---|
| Dewey Decimal Classification | London | London | Journal article | 14/09/1999 | ABS44650 | 48225-1001 | 06/08/2019 | 1 | 06/08/2019 | Law report |